Chile: the political economy of development and democracy in the 1990s
Na minha lista:
| Autor principal: | |
|---|---|
| Formato: | Livro |
| Idioma: | inglês |
| Publicado em: |
Londres
Macmillan
1993
|
| Assuntos: | |
| Tags: |
Adicionar Tag
Sem tags, seja o primeiro a adicionar uma tag!
|
MARC
| LEADER | 00000nam a2200000 a 4500 | ||
|---|---|---|---|
| 001 | UCQ2970 | ||
| 003 | CL-VaPUC | ||
| 008 | 980817e19930000UK |||||||||||||||||eng|d | ||
| 082 | 0 | 4 | |a 330.983 |b HOJ |2 21 |
| 100 | 0 | |a Hojman, David E |e author |9 417002 | |
| 245 | 1 | 0 | |a Chile: the political economy of development and democracy in the 1990s |
| 300 | |a 242 p | ||
| 942 | |c BK | ||
| 945 | |d 19980817 00:00:00 |a aarredon | ||
| 260 | |a Londres |b Macmillan |c 1993 | ||
| 650 | 0 | |a Economía política |9 255814 | |
| 650 | 0 | |a Democracia |9 255256 | |
| 650 | 0 | |a Partidos políticos |9 254999 | |
| 650 | 0 | |a Historia |9 255047 | |
| 650 | 0 | |a Educación |9 258661 | |
| 650 | 0 | |a Salud |9 258663 | |
| 650 | 0 | |a Pobreza |9 258652 | |
| 650 | 0 | |a Inflación |9 257218 | |
| 650 | 0 | |a Balanza comercial |9 379503 | |
| 651 | 7 | |a CHILE |2 CL-VaPUC |9 417003 | |
| 583 | |a last modification |c 19980817 00:00:00 |k Rodrigo Vera | ||
| 999 | |c 273660 |d 273658 | ||
| 952 | |0 0 |1 0 |4 0 |6 330_983000000000000_HOJ_1993 |7 0 |8 A |9 309452 |a BIBHIS |b BIBHIS |d 2019-11-20 |i 3449521 |o 330.983 HOJ 1993 |p 3449521 |r 2025-01-20 |w 2019-11-20 |y BK |k HIS | ||